banner-ar

مهارات طالب الجامعة / (Record no. 59756)

MARC details
000 -الفاتح
حقل البيانات ثابتة الطول 00607nam a22001937a 4500
005 - وقت وتاريخ اخر تعامل مع التسجيلة
رقم الضبط 20240530110334.0
008 - عناصر البيانات ثابتة الطول - معلومات عامة
حقل البيانات ثابتة الطول 140811s ua g 000 0 ara d
020 ## - الرقم الدولى المعيارى للكتب
الرقم الدولى المعيارى للكتاب 9770408611
040 ## - مصدر الفهرسة
وكالة النسخ EG-Cagpl
082 ## - رقم تصنيف ديوى العشرى
رقم الطبعة 21
رقم التصنيف 370.15
رقم المادة ج م
100 01 - المدخل الرئيسى - إسم شخصى
الإسم الشخصى جابر عبدالحميد جابر
245 00 - بيان العنوان
العنوان مهارات طالب الجامعة /
بيان المسئوليه,etc جابر عبدالحميد جابر
300 ## - الوصف المادى
التعداد 575 ص ؛
أبعاد الوعاء 24 سم
650 07 - المدخل الاضافى بالموضوع-مصطلح موضوعى
مصطلح موضوعي الامتحانات
650 07 - المدخل الاضافى بالموضوع-مصطلح موضوعى
مصطلح موضوعي الرياضيات
التقسيم الفرعي العام تعليم وتدريس
650 07 - المدخل الاضافى بالموضوع-مصطلح موضوعى
مصطلح موضوعي الحاسب الالى
التقسيم الفرعي العام تعليم وتدريس
942 ## - عناصر المدخل الإضافي( كوها)
مصدر التصنيف او مخطط الترفيف Dewey Decimal Classification
Koha [default] item type كتاب
Holdings
حالة التراجع حالة الفقد حالة تلف ليس للاعارة المكان المؤقت الموقع الحالى تاريخ الاكتساب اجمالي اﻻعارات رقم الطلب الباركود تاريخ اخر مشاهدة تاريخ تفعيل السعر نوع وعاء كوها
        مكتبة القاهرة الكبرى مكتبة القاهرة الكبرى 08/11/2014   370.15 ج م 158651 08/11/2014 08/11/2014 كتاب
        مكتبة القاهرة الكبرى مكتبة القاهرة الكبرى 01/17/2023   370.15 \ج م 169193 01/17/2023 01/17/2023 كتاب

Powered By

EGPV